|
|
|
|
| LEADER |
01093pam a22002778a 4500 |
| 001 |
00046523 |
| 008 |
210318s2017####-vm#################vie|d |
| 005 |
20210318150341.0 |
| 020 |
# |
# |
|c 23000
|
| 041 |
# |
# |
|a vie
|
| 082 |
0 |
4 |
|a 796.34
|b H502L
|
| 100 |
# |
# |
|a Vũ, Thành Sơn
|e Chủ biên
|
| 245 |
0 |
0 |
|a Huấn luyện thể lực cho vận động viên bóng bàn
|b Sách dùng cho sinh viên các trường Đại học Thể dục Thể thao. Sách đặt hàng
|c Vũ Thành Sơn (ch.b.)
|
| 260 |
# |
# |
|a Hà Nội
|b Thể dục Thể thao
|c 2006
|
| 300 |
# |
# |
|a 211tr.
|c 21cm
|
| 500 |
# |
# |
|a ĐTTS ghi: Ủy ban Thể dục Thể thao. Trường Đại học Thể dục Thể thao 1
|
| 653 |
# |
# |
|a Bóng bàn
|
| 653 |
# |
# |
|a Vận động viên
|
| 653 |
# |
# |
|a Thể lực
|
| 653 |
# |
# |
|a Kỹ thuật
|
| 655 |
# |
7 |
|2 Bộ TK TVQG
|a Giáo trình
|
| 852 |
# |
# |
|j KD.0027896
|
| 910 |
# |
# |
|d 18/03/2021
|
| 930 |
|
|
|a 403861
|b 29/01/2018
|
| 941 |
|
|
|a TW
|b GT
|
| 980 |
# |
# |
|a Trung tâm Học liệu Lê Vũ Hùng, Trường Đại học Đồng Tháp
|